000 01092nam0a2200349 i 4500
001 RU\NLR\BIBL_A\010346109
005 20260406121312.0
010 _a9785699705368
_95000
021 _aRU
_b2014-12675
_9821
035 _a(NILC)RuMoRGB-006743611
035 _a(NLR Aleph) 010346109
090 _a10724451
_c10724451
100 _a20140422d2014 um y0rusy50 ca
101 0 _arus
102 _aRU
105 _ay|||z|||000ay
200 1 _aУбийца поневоле
_fАлександра Маринина
210 _aМосква
_cЭксмо
_d2014
215 _a316, [1] с.
_d16
225 1 _aБольше чем детектив
333 _a16+
675 _a821.161.1-31
686 2 _aШ6(2=Р)75-446
700 1 _8rus
_7ca
_aМаринина
_bА. Б.
_gАлександра Борисовна
_f1957-
_3RU\NLR\AUTH\77515
_9110564
801 0 _aRU
_bRuMoRKP
_c20090225
_gRCR
801 2 _aRU
_bРГБ
_c20140221
_grcr
801 1 _aRU
_bRuMoRKP
_c20090225
_2rusmarc
942 _cBOOK
980 _aNBR